Geometrical and technical drawing course for African secondary schools, book 1 (Record no. 75883)
[ view plain ]
| 000 -LEADER | |
|---|---|
| fixed length control field | 00757nam a2200169 a 4500 |
| 008 - FIXED-LENGTH DATA ELEMENTS--GENERAL INFORMATION | |
| fixed length control field | 120416s1968 ||||||||||||||||| || u |
| 050 ## - LIBRARY OF CONGRESS CALL NUMBER | |
| Classification number | QA 464 Pas |
| 100 ## - MAIN ENTRY--PERSONAL NAME | |
| Personal name | Pasquill, James A |
| 245 10 - TITLE STATEMENT | |
| Title | Geometrical and technical drawing course for African secondary schools, book 1 |
| 260 ## - PUBLICATION, DISTRIBUTION, ETC. | |
| Place of publication, distribution, etc. | Lusaka |
| Name of publisher, distributor, etc. | Neczam |
| Date of publication, distribution, etc. | 1968 |
| 300 ## - PHYSICAL DESCRIPTION | |
| Extent | [ii], 228p. : ill. |
| 350 ## - | |
| -- | 0.00 |
| 650 ## - SUBJECT ADDED ENTRY--TOPICAL TERM | |
| Topical term or geographic name entry element | ENGINEERING |
| 650 ## - SUBJECT ADDED ENTRY--TOPICAL TERM | |
| Topical term or geographic name entry element | Geometrical and technical drawing |
| 995 ## - | |
| -- | MAIN LIBRARY OPEN ACCESS |
| -- | 0.00 |
| -- | 717275 |
| -- | CBU-MAIN LIBRARY (Kitwe) |
| -- | 2 |
| -- | 4.50 |
| -- | QA 464 Pas |
| -- | 2 |
| -- | AVAILABLE |
| -- | 012677 |
| -- | Main Library Open Access Collection |
| 995 ## - | |
| -- | MAIN LIBRARY OPEN ACCESS |
| -- | 0.00 |
| -- | 717276 |
| -- | CBU-MAIN LIBRARY (Kitwe) |
| -- | 1 |
| -- | 4.50 |
| -- | QA 464 Pas |
| -- | 1 |
| -- | AVAILABLE |
| -- | 012676 |
| -- | Main Library Open Access Collection |
| 999 ## - | |
| -- | 75883 |
| -- | 75883 |
| Withdrawn status | Lost status | Source of classification or shelving scheme | Damaged status | Not for loan | Permanent Location | Current Location | Shelving location | Date acquired | Total Checkouts | Full call number | Barcode | Date last seen | Copy number | Price effective from | Koha item type |
|---|---|---|---|---|---|---|---|---|---|---|---|---|---|---|---|
| CBU-MAIN LIBRARY, KITWE. | CBU-MAIN LIBRARY, KITWE. | 04/25/2023 | QA 464 Pas | 012677 | 04/25/2023 | 1 | 04/25/2023 | MONOGRAPH | |||||||
| CBU-MAIN LIBRARY, KITWE. | CBU-MAIN LIBRARY, KITWE. | 04/25/2023 | QA 464 Pas | 012676 | 04/25/2023 | 2 | 04/25/2023 | MONOGRAPH |